00372nam a2200145Ia 4500008004100000020001800041041000800059082001600067100001500083245006800098250000600166260003300172300001200205650000900217210716s2009 xx 000 0 und d a9788174466976 aeng a519.54 APTD aApte, D P. aStatistical tools for managers: using ms excel.bUsing ms excel a1 aNew DelhibExcel Booksc2009 avii,688 aNone